000 00368nam a2200133Ia 4500
005 20260328101526.0
008 260328s9999||||xx |||||||||||||| ||und||
100 _aBurman, Marcelo
245 0 _aConstruir Sostenible :
_b América Central y el Caribe /
_cMarcelo Burman
260 _bRevista Construir
300 _a75 p.
650 _aARQUITECTURA Y CLIMA
942 _cBK
999 _c9780
_d9780